000 00369nam a2200097Ia 4500
008 180130s9999 xx 000 0 und d
245 _cPerroni, Emilia
_aPlay from Freud to Winnicott
260 _c2014
300 _aBook title: Play : psychoanalytic perspectives, survival and human development--Acession number C18636; pages 28-32
650 _aPLAY--PSYCHOLOGICAL ASPECTS
999 _c354501
_d354501